I Need Your Love - Calvin Harris Feat. Ellie Goulding - All Lyrics - Statistics

General Stats
  • This quiz has been taken 59 times
  • The average score is 231 of 316
Answer Stats
Answer % Correct
I
100%
love,
100%
love
100%
need
100%
you
100%
you,
100%
You
100%
your
100%
ever
98%
it
98%
make
98%
right
98%
so
98%
to
98%
When
98%
wrong,
98%
be
96%
every
96%
a
93%
everything's
93%
feel
93%
time
93%
tonight
93%
high,
91%
with
91%
alive
87%
come
80%
free
80%
the
74%
me,
72%
me
72%
do
63%
you're
63%
in
61%
see
57%
but
52%
can't
52%
here
50%
my
50%
we
50%
again
48%
And
48%
arms
48%
that
48%
What
48%
eyes
46%
is
46%
know
46%
same?
46%
I'm
43%
Now
43%
now?
43%
now
43%
there,
43%
this,
43%
dark
41%
Hold
41%
Tell
41%
are
39%
not
39%
door
37%
never
37%
All
35%
all
35%
anymore
35%
I'll
35%
out
35%
that's
35%
reason
33%
take
33%
will
33%
been
30%
breath
30%
deep
30%
heart
30%
I've
30%
fear
28%
fell
28%
filled
28%
have
28%
Watch,
28%
apart
24%
helpless
24%
walk
24%
pass
22%
since
22%
fight
20%
open
20%
stranger
20%
tears,
20%
times
20%
try
20%
find
17%
strong
17%
circles,
15%
mean
15%
years,
15%
dreaming,
13%
figure
13%
lies,
13%
belong?
11%
blame
11%
change
11%
trying
9%
closing
7%
ways
7%
No matching quizzes found
Score Distribution
Percent of People with Each Score
Percentile by Number Answered
Your Score History
You have not taken this quiz